01796nam a2200325Ia 450000500170000000800410001702000180005804000080007605000220008410000280010624501240013426000540025830000200031233700100033233800140034233900120035644000440036850001270041250001430053950502610068265000460094365000390098965000490102870000280107794200120110595201110111795201110122895201140133999900170145320231102151425.0121028s9999 xx 000 0 und d a84-7112-460-2 eRDA aP94.5C55 B82 200210aBUCKINGHAM, David 1954-10aCrecer en la era de los medios electrónicos b : tras la muerte de la infanciac / David Buckingham ; tr. Roc Fillela aEspaña b: Fundación Paideia : Moratac, 2002 a247 páginas. atexto asin medio avolumen aPedagogía : Educación crítica ; p aPlan Flexible / Licenciatura en Pedagogía / COMUNICACIÓN EDUCATIVA (P16) / Ejemplares: 14 001971, 14 001972, 14 001973 aTítulo original: After the death of childhood. Growing up in the age of electronic media Incluye referencias bibliográficas e índice aIntroducción Cap. 1. En busca del niño Primera parte Cap. 2. La muerte de la infancia Cap. 3. La generación electrónica Segunda parte Cap. 4. Infancias cambiantes Cap. 5. Medios de comunicación cambiantes Cap. 6. Paradigmas cambiantes Tercera par10aMEDIOS DE COMUNICACIÓN SOCIAL Y NIÑOS20aMEDIOS DIGITALES ASPECTOS SOCIALES30aAUDIENCIA (MEDIOS DE COMUNICAIÓN EN MASAS)12aFILELLA, Rocetraductor cLB2ddc 00104070a14b14d2008-08-25l1oP94.5C55 B82 2002p14 001971r2014-01-14s2014-01-14t1w2012-10-28yLB 00104070a14b14d2008-08-25l2oP94.5C55 B82 2002p14 001972r2016-11-19s2016-11-19t2w2012-10-28yLB 00104070a14b14d2008-08-25l3m1oP94.5C55 B82 2002p14 001973r2013-10-30s2013-10-30t3w2012-10-28yLB c84708d84708